Online katalóg knižníc regiónu Turca

Jazdec v maske (Record no. 22586)

MARC details
000 -LEADER
fixed length control field 01664cam a2200469 a 4500
001 - CONTROL NUMBER
control field 22586
003 - CONTROL NUMBER IDENTIFIER
control field SK-KTurca
005 - DATE AND TIME OF LATEST TRANSACTION
control field 20260401142508.0
008 - FIXED-LENGTH DATA ELEMENTS--GENERAL INFORMATION
fixed length control field 240226s1990 xo a jr 000 f slo
015 ## - NATIONAL BIBLIOGRAPHY NUMBER
National bibliography number SNBA1990/06
020 ## - INTERNATIONAL STANDARD BOOK NUMBER
International Standard Book Number 800600191X
Qualifying information (viazané)
035 ## - SYSTEM CONTROL NUMBER
System control number C97C375A-1155-4C7D-969B-BD14C307D6D0
035 ## - SYSTEM CONTROL NUMBER
System control number SNK000005215
035 ## - SYSTEM CONTROL NUMBER
System control number urn:nbn:sk:snk-am003pr4
035 ## - SYSTEM CONTROL NUMBER
System control number urn:nbn:sk:snk-amjak9
040 ## - CATALOGING SOURCE
Original cataloging agency SNK
Language of cataloging slo
Transcribing agency SNK
Description conventions AACR2
041 1# - LANGUAGE CODE
Language code of text/sound track or separate title slo
Language code of original eng
044 ## - COUNTRY OF PUBLISHING/PRODUCING ENTITY CODE
MARC country code xo
ISO country code SK
072 #7 - SUBJECT CATEGORY CODE
Subject category code 821.111(73)-3
Subject category code subdivision Americká próza
Source konspekt
072 #7 - SUBJECT CATEGORY CODE
Subject category code 821-93
Subject category code subdivision Literatúra pre deti a mládež (beletria)
Source konspekt
080 ## - UNIVERSAL DECIMAL CLASSIFICATION NUMBER
Universal Decimal Classification number 821.111(73)-31
Edition identifier 2011
080 ## - UNIVERSAL DECIMAL CLASSIFICATION NUMBER
Universal Decimal Classification number 821-311.3
Edition identifier 2011
080 ## - UNIVERSAL DECIMAL CLASSIFICATION NUMBER
Universal Decimal Classification number 82-93-053.4/.5
Edition identifier 2011
100 1# - MAIN ENTRY--PERSONAL NAME
Personal name Grey, Zane,
Dates associated with a name 1872-1939
Relationship aut
240 10 - UNIFORM TITLE
Uniform title Riders of the purple sage
Language of a work Slovensky
245 10 - TITLE STATEMENT
Title Jazdec v maske
Statement of responsibility, etc. Zane Grey ; [z anglického originálu Riders of the purple sage ... preložila Šarlota Barániková ; ilustroval František Hübel]
250 ## - EDITION STATEMENT
Edition statement 3. vyd.
260 ## - PUBLICATION, DISTRIBUTION, ETC.
Place of publication, distribution, etc. Bratislava
Name of publisher, distributor, etc. Mladé letá
Date of publication, distribution, etc. 1990
300 ## - PHYSICAL DESCRIPTION
Extent 305 strán
Other physical details ilustrácie
Dimensions 21 cm
366 ## - TRADE AVAILABILITY INFORMATION
Note 58000 kusov
490 1# - SERIES STATEMENT
Series statement Stopy
500 ## - GENERAL NOTE
General note Rozložený ilustrovaný titulný list. Výslovnosť cudzích mien a názvov na strane [306-307]
521 1# - TARGET AUDIENCE NOTE
Target audience note Pre čitateľov od 11 rokov
655 #7 - INDEX TERM--GENRE/FORM
Genre/form data or focus term americké romány
Source of term SNKPH
655 #7 - INDEX TERM--GENRE/FORM
Genre/form data or focus term dobrodružné romány
Source of term SNKPH
655 #7 - INDEX TERM--GENRE/FORM
Genre/form data or focus term literatúra pre deti a mládež
Source of term SNKPH
700 1# - ADDED ENTRY--PERSONAL NAME
Personal name Barániková, Šarlota,
Dates associated with a name 1923-1996
Relationship trl
700 1# - ADDED ENTRY--PERSONAL NAME
Personal name Hübel, František,
Dates associated with a name 1934-1978
Relationship ill
830 #0 - SERIES ADDED ENTRY--UNIFORM TITLE
Uniform title Stopy
942 ## - ADDED ENTRY ELEMENTS (KOHA)
Source of classification or shelving scheme Dewey Decimal Classification
Koha item type Krásna literatúra pre dospelých
Suppress in OPAC No
Holdings
Stav vyradenia Strata Poškodenie Spôsob nadobudnutia Domovská knižnica Aktuálna knižnica Dátum nadobudnutia Total checkouts Čiarový kód exemplára Date last seen Typ exemplára
      Dar Obecná knižnica Horná Štubňa Obecná knižnica Horná Štubňa 01.04.2026   4736202129 01.04.2026 Krásna literatúra pre dospelých
Projekt je podporený Slovenskou asociáciou knižníc
Prevádzkuje Turčianska knižnica Martin 2026